000 00416nam a2200157Ia 4500
008 210716s2010 xx 000 0 und d
020 _a9788130915876
041 _aeng
082 _a519.5 FRED
100 _aFreedman, David;Pisani, Robert;Purves, Roger.
245 _aStatistics.
250 _a4
260 _aNew Delhi
_bViva Books
_c2010
300 _axvi,576,A-121
650 _aStatistical Mathematics(519.5)
999 _c194487
_d194487